| 000 | 00448nam a2200181Ia 4500 | ||
|---|---|---|---|
| 001 | 19753 | ||
| 005 | 20260306172716.0 | ||
| 008 | 260306t2004||||xx |||||||||||||| ||spa|| | ||
| 041 | _aESP | ||
| 082 |
_a341 _bS73 |
||
| 100 |
_aSpaemann, Robert _eAUT |
||
| 245 | 0 |
_aEuropa: _b¿comunidad de valores u ordenamiento jurídico? |
|
| 260 | _c2004 | ||
| 300 |
_a61 páginas : _c20 cm. |
||
| 650 | _aGEN | ||
| 654 | _aCDE | ||
| 942 |
_cLIB _dJUS _fJUS _2ddc _n |
||
| 999 |
_c19753 _d19753 |
||